1041 1476 1354 1847 1100 1113 1778 1652 1523 1641 1087 1089 1246 1185 1871 1299 1149 1667 1836 1002 1994 1283 1596 1902 1948 1519 1249 1863 1050 1891 1645 1833 1966 1298 1012 1739 1416 1778 1958 1131 1222 1940 1259 1967 1851 1231 1047 1289 1562 1815 1888 1581 1575 1315 1037 1438 1097 1730 1180 1667 1553 1525 1961 1614 1401 1097 1982 1592 1036 1090 1353 1332 1906 1808 1758 1117 1372 1912 1456 1857 1954 1146 1632 1492 1645 1741 1110 1448 1134 1102 1730 1203 1862 1435 1640 1175 1245 1528 1060 BCNSPRNW ULIB Ver.6.0+V

เปลี่ยนเป็นภาษาไทย

Change to English
 แสดงรายละเอียดบรรณานุกรม
  กลับหน้าหลัก

Brief Record : Get Marc (ISO 2709) : E-mail record : QR code < ปิดหน้าต่าง
LEADER : 00000nam 2200000uu 4500
001    13399128055
003     ULIB
008    220202s2563||||th 000 0 tha d
020    ^a9786168246290
050  0 ^aนว.^bอ46ส
100    ^aอุมาริการ์
245    ^aสรวงอสูร/โดย อุมาริการ์
260    ^aกรุงเทพฯ :^bวี.พริ้นท์,^c2563
300    ^a624 หน้า
650    ^aนวนิยาย
945    ^p480^l0^i29200
999    ^aกัณชพร จุลอักษร
รายการนี้ยังไม่มีแท็ก
คุณยังไม่ได้ล็อกอิน คุณสามารถมีกิจกรรมร่วมกับเว็บไซต์ได้ แต่ต้องล็อกอินก่อน ::
  ล็อกอิน

รายการสื่อสารสนเทศ

ลำดับที่ ประเภท เลขเรียก/บาร์โค้ด สถานที่ สถานะ
1. วิทยาศาสตร์การแพทย์ และสุขภาพ
วิทยาศาสตร์การแพทย์ และสุขภาพ
นว. อ46ส ฉ.1 
  Barcode: 29200
ห้องสมุดวิทยาเขตนครสวรรค์
►นวนิยาย:l:Fiction
บนชั้น

รายการใกล้เคียง
    ชื่อเรื่อง [สรวงอสูร/โดย อุมาริการ์]

    ผู้แต่ง [อุมาริการ์]

    หัวเรื่อง [นวนิยาย]

BibComment


ยังไม่เคยถูกคอมเมนท์

คอมเมนท์ทรัพยากรรายการนี้
  คอมเมนท์: สรวงอสูรโดย อุมา..


 Copyright 2026. Bcnsprnw @Library